[Event "EU-Cup 21st"]
[Site "Saint Vincent"]
[Date "2005.09.24"]
[Round "7.4"]
[White "Popov, Valerij"]
[Black "Filippov, Valerij"]
[Result "1-0"]
[WhiteElo "2570"]
[BlackElo "2621"]
[Annotator "Ribli,Z"]
[PlyCount "123"]
[EventDate "2005.09.18"]
[EventType "team-swiss"]
[EventRounds "7"]
[EventCountry "ITA"]
[SourceTitle "CBM 110"]
[Source "ChessBase"]
[SourceDate "2006.01.31"]
[SourceVersion "1"]
[SourceVersionDate "2006.01.31"]
[SourceQuality "1"]
[WhiteTeam "Saransk"]
[BlackTeam "Kazan Ladya"]
[WhiteTeamCountry "RUS"]
[BlackTeamCountry "RUS"]

1. d4 d5 2. c4 e6 3. Nf3 Nf6 4. Nc3 dxc4 5. e4 Bb4 6. Bg5 c5 7. e5 cxd4 8. Nxd4
Qa5 9. exf6 Bxc3+ (9... Qxg5 $4 10. Qa4+ $18) 10. bxc3 Qxg5 11. fxg7 Qxg7 {
Dieser Zug ist sinnvoller als die Alternative 11...Rg8: Schwarz muss früher
oder später auf g7 nehmen.} 12. Qd2 Nc6 {Dieser Zug war seinerzeit von Hübner 
(gegen Portisch in 1989) gespielt. Heutzutage ist die Alternative 12...0-0!?
populärer.} (12... O-O $5 13. Bxc4 Rd8 $5 (13... a6 14. O-O Rd8 $6 15. Qf4 b5
$6 16. Qc7 $1 $36 {1-0 Topalov,V-Naiditsch,A/Dortmund 2005/CBM 108/[Ribli
Zoltan] (27)}) 14. Qe3 Bd7 15. O-O Nc6 16. Nf3 Ne7 17. Ne5 Ng6 (17... Bc6 18.
g3 Nd5 19. Bxd5 Rxd5 20. Rfe1 Rad8 21. Qf4 {1-0 Sakaev,K-Schandorff,L/
Copenhagen 2005/(31)}) 18. f4 Nxe5 19. fxe5 Bc6 20. g3 Rd7 21. Rf4 Kh8 22. Raf1
Rg8 23. Rd4 Rxd4 24. cxd4 Qg6 25. Bd3 Qh5 26. Be4 Rc8 $11 {Dreev,A-Xu,J/Russia
- China 2001}) 13. Nxc6 bxc6 14. O-O-O $5 $146 {[%mdl 4] Der Vorteil des
Textzugs ist, dass Weiß seinen Turm mit Tempo ins Spiel bringt, der Nachteil
hingegen, der weiße König steht unsicher. Früher spielten Weltklasse-Spieler,
wie Portisch und Kasparov auch 14. Bxc4, aber nach 14...Qe5+ 15.Kf1 Bb7 hat
Schwarz Ausgleich.} (14. Bxc4 Qe5+ $1 (14... O-O $2 15. O-O $16 Bb7 16. Qd7
Rab8 17. Rab1 Ba8 18. Rxb8 Rxb8 19. Qxa7 Rf8 20. Qe3 $16 {1-0 Lalic,B-Rezan,S/
Rabac CRO 2004 (48)}) 15. Kf1 Bb7 (15... O-O 16. h4 Qc5 17. Be2 e5 18. Qg5+ Kh8
19. Qf6+ Kg8 20. h5 Re8 21. h6 Qf8 22. Rh5 {1-0 Kasparov,G-Olafsson,H/
Reykjavik ISL 2004/(22)}) 16. Rd1 O-O 17. h4 Rad8 {1/2-1/2 Portisch,L-Huebner,
R/Skelleftea 1989/CBM 14/ (28)}) 14... O-O 15. Bxc4 {[%csl Gc4] Der c4B steht
aktiv, während sein c8-Kollege noch passiv steht.} e5 16. h4 $1 $36 {[%cal
Gd2g5,Gg5g7] Die weiße positionelle Drohung ist 17.Qg5.} h6 (16... Bf5 17. Qg5
Qxg5+ 18. hxg5 $16) 17. Rhe1 {[%cal Ge1e3,Ge3g3]} Bg4 18. f3 Bf5 19. Qe3 {
[%cal Gd1d6,Ge1e5] Es "hängt" e5P und droht 20.Rd6.} (19. g4 Bh7 20. g5 $36)
19... Rab8 {[%cal Rb8b1,Rb1c1]} (19... Rfe8 20. Rd6 $16) 20. Bb3 e4 {Schwarz
opfert einen Bauern, um Gegenspiel zu erlangen.} 21. fxe4 (21. Rd6) 21... Be6
22. Kc2 c5 23. Qxc5 $16 Rfc8 24. Qd4 Qg4 25. g3 Rb6 26. Rd3 Rcb8 {[%cal Gb8b3]
Schwarz hat zwei Bauern weniger jedoch aktives Figurenspiel.} 27. c4 a5 $1 {
[%cal Ya5a4] Schwarz mobilisiert seine Reserven; Weiß muss früher oder später
mit a5-a4 rechnen.} 28. Kd2 (28. c5 $1 Rb4 29. Qe5 Bxb3+ 30. axb3 $16 (30. Rxb3
$16)) 28... Rb4 29. Rc1 (29. Qe5 a4 30. Bxa4 Bxc4 31. Bd7 Qg7 32. Qxg7+ Kxg7
33. Rd4 Bxa2 $14) 29... Qh3 (29... a4 30. Bd1 Qh3 $132) 30. Qf2 Qg4 31. Qe3 (
31. Qf4) 31... a4 $132 32. Bd1 Qh3 33. Rd4 $2 (33. Qxh6 Qg2+ 34. Ke3 Qxg3+ 35.
Bf3 Bxc4 $132) 33... Rb2+ (33... Qg2+ $1 34. Qe2 (34. Be2 Rb2+ 35. Rc2 Bg4 $17
{[%csl Rd2]}) 34... Qxg3 $36) 34. Rc2 Qg2+ 35. Kd3 Rxc2 36. Bxc2 Rb2 37. Rd8+ (
37. Bxa4 Rxa2 38. Rd8+ Kh7 39. Rh8+ Kxh8 40. Qxh6+ Kg8 41. Qg5+ Kf8 42. Qd8+
$11) 37... Kh7 38. Qc1 $2 {Weiß spielt auf Gewinn, aber es wäre besser mit 38.
Rh8+, den halben Punkt zu sichern.} (38. Rh8+ Kxh8 39. Qxh6+ Kg8 40. Qg5+ Kf8
41. Qd8+ $11) 38... Qxg3+ 39. Kd4 a3 (39... Rxa2 $17) 40. Bd3 Kg7 41. Qe3 Qc7 (
41... Qxe3+ 42. Kxe3 Rxa2 43. Ra8 Rh2 $11) (41... Qxh4 $17) 42. Qg1+ Kf6 43.
Qg8 Qb6+ 44. Kc3 (44. c5 Qb4+ 45. Ke3 Qd2+ $19) 44... Qa5+ 45. Kd4 Qe5+ 46. Ke3
Qc5+ 47. Rd4 Rh2 (47... Rxa2 48. Qh8+ Kg6 (48... Ke7 $4 49. Qd8#) 49. Kf3 (49.
e5+ Kh5) 49... Qh5+ 50. Ke3 Qc5 51. Kf3 $11) 48. Qh8+ Kg6 49. Qg8+ Kh5 $4 {
[%mdl 8192] Jetzt ist es schwer für Schwarz auf Gewinn zu spielen. Besser wäre
49...Kf6 und sich mit Remis zufrieden zu geben.} (49... Kf6 50. Qh8+ $11) 50.
Qg3 $1 $18 Rxh4 (50... Rh3 51. Be2+ $18) 51. Be2+ Bg4 52. Bxg4+ (52. e5 Qxd4+
53. Kxd4 Bxe2+) 52... Rxg4 53. Qh3+ Kg5 (53... Rh4 $142 54. Qf3+ Rg4 (54... Kg6
55. Qf5+ $18) 55. Kd3 f5 56. Qxf5+ Qxf5 57. exf5 $18) 54. Kd3 Qc8 (54... f5
$142 55. Rd5 Qg1 56. Rxf5+ Kg6 57. Qh5+ Kh7 58. Qf7+ Rg7 59. Rf1 Qg3+ 60. Rf3
$18) 55. Rd5+ Kg6 56. Rd6+ {Die Stellung ist materiell ausgeglichen, aber Weiß
verfügt über eindeutige Drohungen.} f6 57. Qf3 {[%csl Rf6] Es "hängt" der
f6-Schlüsselbauer und wegen seiner schlechten Figurenkoordination hat Schwarz
keine Verteidigung.} Kh7 58. Qxf6 Rg3+ 59. Kd4 Qg4 60. Qxh6+ Kg8 61. Rd8+ Kf7
62. Rf8+ {Und Matt in 5 Zügen.} 1-0

[Event "HUN-ch"]
[Site "Lillafured"]
[Date "1999.02.05"]
[Round "5"]
[White "Gyimesi, Zoltan"]
[Black "Acs, Peter"]
[Result "0-1"]
[WhiteElo "2529"]
[BlackElo "2521"]
[Annotator "Ribli,Z"]
[PlyCount "56"]
[EventDate "1999.02.01"]
[EventType "tourn"]
[EventRounds "9"]
[EventCountry "HUN"]
[EventCategory "13"]
[SourceTitle "CBM 070"]
[Source "ChessBase"]
[SourceDate "1999.06.08"]
[SourceVersion "1"]
[SourceVersionDate "1999.06.08"]
[SourceQuality "1"]

{[%mdl 8256]} 1. d4 Nf6 2. c4 e6 3. Nf3 d5 4. Nc3 dxc4 {Das war eine
Überraschung für Weiß, denn Schwarz spielt gewöhnlich die Slawische
Verteidigung. Die Wiener Variante spielte Acs zuvor nur einmal, siehe
Anmerkung zum 13. schwarzen Zug. Ribli.} 5. e4 {Das ist die prinzipielle
Fortsetzung für Weiß. Die anderen Züge sind kaum gefährlich für Schwarz.} Bb4
6. Bg5 c5 {Die Wiener Variante führt zu lebendigem Figurenspiel und scharfem
taktischen Kampf.} 7. Bxc4 cxd4 8. Nxd4 Bxc3+ (8... Qa5 {Heutzutage ist auch
dieser Damenzug beliebt.}) 9. bxc3 Qa5 10. Bb5+ Bd7 11. Bxf6 gxf6 12. Bxd7+ {
Mehr Chancen auf Eröffnungsvorteil bietet die Alternative 12.Qb3.} (12. Qb3 $5
a6 13. Be2) 12... Nxd7 13. O-O a6 $5 {Schwarz weicht von einer seiner früheren
Partien ab (13...Rd8).} (13... Qxc3 14. Qa4 (14. Nb5 $40) 14... O-O 15. Nxe6
Nb6 16. Qd4 Qxd4 17. Nxd4 Rfd8 18. Nf5 Nc4 19. Rfb1 b6 20. f3 {1-0 Antic,
D-Zontakh,A/It, Jagodina YUG 1998 (73)}) (13... Rd8 14. Rb1 Ne5 15. Qh5 O-O 16.
Nxe6 fxe6 17. Rxb7 h6 18. f4 Rf7 19. Rxf7 Qb6+ 20. Kh1 Nxf7 {1/2-1/2 Bunzmann,
D-Acs,P/FSGM June, Budapest HUN 1998 (31)}) 14. Rb1 Qc7 {Weiß hat
Entwicklungsvorsprung und die halboffene b-Linie. Aber die Lage ist nicht klar,
denn Schwarz kann mit ...Nc5 die wichtigsten Punkte kontrollieren.} 15. f4 (15.
Qh5 Ke7 $5 (15... Nc5 16. Rb4 {/\ Rc4,Ne6} Qe5 17. Qxe5 fxe5 18. Nb3 Nxb3 19.
axb3 O-O-O 20. f4 $1 $14 {1/2-1/2 Gulko,B-Salov,V/Linares 1990/CBM 17/(58)})
16. Rfd1 Rac8 17. Qh4 b5 18. f4 Qxc3 19. Rb3 Qc5 20. h3 Rhd8 21. Kh1 Nf8 22.
Rbd3 Ng6 23. Qf2 Qc7 {0-1 Pelletier,Y-Brunner,L/Biel 1994/CBM 43 (31)}) 15...
O-O-O $5 $146 {Schwarz wählt eine scharfe Fortsetzung. Es ist in dieser
Variante immer ein Problem, den König aufzustellen. Weiß hat etwas Spiel in
der halboffenen b-Linie, aber Schwarz kann das verteidigen.} (15... h5 16. Qf3
Nc5 17. f5 e5 18. Nc2 Na4 19. c4 O-O-O 20. Kh1 Rd2 21. Nb4 Nc5 22. Rfd1 Rhd8
23. Nd5 Qa5 24. Rxd2 Qxd2 25. Qa3 Nxe4 26. Qe7 {1/2-1/2 Grynszpan,M-Gomez
Baillo,J/Buenos Aires ch-AR 1988 (26)}) 16. Qe2 (16. Qf3 $5) 16... Nc5 $13 17.
Rb4 {[%cal Gf1b1,Gb1b7]} (17. Nb3 Rd7 $11 (17... Nd3 18. Qe3 Kb8 19. Rfd1 (19.
Rbd1 Nb2) 19... Nxf4 20. Rxd8+ Rxd8 21. Nc5 Ka8 $13)) 17... Kb8 18. Rfb1 Rd6 {
[%csl Gd6]} 19. Rc4 {Schwarz hat keine ernsthaften Probleme mit der Fesselung
des Springers.} Rc8 20. Qh5 (20. Nb3 Rc6 21. Nd4 Rb6 $13) 20... Rb6 21. Rbb4 (
21. Nb3 $2 Qxf4 22. Rxc5 Qe3+ 23. Kh1 Rxc5 $19 {[%cal Gb6b1]}) 21... Qd6 $1 {
Ein ausgezeichneter Zug. Schwarz klärt die Fesselung in der c-Linie und hält
die Spannung.} 22. Qxf7 e5 23. fxe5 (23. Rxb6 Qxb6 24. Rb4 Qd6 (24... Qd8 25.
fxe5 fxe5 26. Nb3) 25. fxe5 fxe5 26. Nb3 Rf8 (26... Qd1+ 27. Qf1 Qxf1+ 28. Kxf1
Nd3 29. Rb6 Rxc3 30. Rh6 $11) 27. Qd5 Qf6 28. h3 Qf2+ (28... Rd8 $2 29. Qxc5
Rd1+ 30. Kh2 Qf4+ 31. g3 Qf3 32. Rxb7+ Kxb7 33. Na5+ Kb8 34. Qb6+ Kc8 35. Qb7+
Kd8 36. Nc6+ Ke8 37. Qe7#) 29. Kh2 Qf4+ $11) (23. Nb3 $2 {Das ist der große
Unterschied. Nach 23.fxe5 fxe5 24.Nb3 Qd1 hat Weiß die Möglichkeit 25.Qf1.
Jetzt gewinnt Schwarz leicht.} Qd1+ 24. Kf2 Nd3+ $19 {[%csl Gd3,Rf2][%cal
Rd3f2,Rd3b4]}) 23... fxe5 24. Nb3 Rxb4 (24... Qd1+ 25. Qf1 Rd6 $13 26. Nxc5 $2
Rf8 27. Rxb7+ Ka8 $19 {[%csl Rf1,Rg1]}) 25. cxb4 $2 {Es wäre besser, mit dem
Turm zu nehmen, wonach Weiß Spiel gegen b7 behält.} (25. Rxb4 $5 Rf8 26. Qd5
Qf6 27. h3 Qf2+ (27... Rd8 $2 28. Qxc5 Rd1+ 29. Kh2 Qf4+ 30. g3 Qf3 31. Rxb7+
Kxb7 32. Na5+ Kb8 33. Qb6+ Kc8 34. Qb7+ Kd8 35. Nc6+ Ke8 36. Qe7#) 28. Kh2 Qf4+
$11) 25... Rf8 $17 26. Qd5 (26. Qxf8+ Qxf8 27. Nxc5 Qd6 $17) (26. Qh5 Qd3 27.
Qxe5+ Ka8 28. h3 (28. Rc1 Qe3+ 29. Kh1 Qxc1+ 30. Nxc1 Rf1# $19) 28... Qxc4 $17)
(26. bxc5 $4 Qd1+ $19) 26... Qf6 $19 27. h3 Nxb3 (27... Rd8 $2 28. Qxc5 Rd1+
29. Kh2 Qf4+ 30. g3 Qf3 31. Qxe5+ Ka7 $11) 28. axb3 Rd8 {Weiß gab in
verlorener Stellung auf.} (28... Rd8 29. Qc5 Rd1+ 30. Kh2 Qf4+ $19) 0-1

[Event "Corus-B"]
[Site "Wijk aan Zee"]
[Date "2006.01.28"]
[Round "12"]
[White "Navara, David"]
[Black "Lagno, Kateryna"]
[Result "1/2-1/2"]
[WhiteElo "2660"]
[BlackElo "2500"]
[Annotator "Ribli,Z"]
[PlyCount "137"]
[EventDate "2006.01.14"]
[EventType "tourn"]
[EventRounds "13"]
[EventCountry "NED"]
[EventCategory "15"]
[SourceTitle "CBM 111"]
[Source "ChessBase"]
[SourceDate "2006.04.04"]
[SourceVersion "1"]
[SourceVersionDate "2006.04.04"]
[SourceQuality "1"]

1. Nf3 Nf6 2. c4 e6 3. Nc3 d5 4. d4 dxc4 {Das ist eine kleine Überraschung für
Weiß; das ukrainische Mädchen spielt viele Eröffnungen mit Schwarz gegen 1.d4,
aber noch nie die Wiener Variante.} 5. e4 Bb4 6. Bg5 c5 7. Bxc4 cxd4 8. Nxd4
Bxc3+ 9. bxc3 Qa5 10. Bb5+ {Heute ist dieser Zug modern; die Alternativen sind
10.Bxf6 und 10.Nb5.} Bd7 11. Bxf6 gxf6 12. Qb3 (12. Bxd7+ Nxd7 13. O-O {
Eine sehr populäre Alternative.}) 12... Bxb5 $5 13. Nxb5 O-O 14. O-O Nc6 15. c4
{Auf diese Weise kann Weiß seine Dame durch g3 ins Spiel bringen und nach c5
das Feld d6 kontrollieren.} Rad8 16. c5 (16. Qg3+ Kh8 17. Qh4 Kg7 18. f4 Qd2 $5
19. e5 fxe5 20. Qg5+ Kh8 21. Qf6+ Kg8 22. Qg5+ (22. Rf3 Rd3 $1 $11) 22... Kh8
23. Qf6+ Kg8 24. Rae1 a6 {1/2-1/2 Mamedyarov,S-Nielsen,PCorus-B /Wijk aan Zee
2005/(34)}) 16... Nd4 (16... Rd2 17. Qg3+ Kh8 18. Qf4 Kg7 19. Qg3+ Kh8 20. Qf4
Kg7 21. a4 Ne5 22. Ra3 Ng6 23. Qe3 Rc2 24. h4 h5 25. Rd1 a6 26. Nd4 Rc4 27. Rc1
Rxc1+ 28. Qxc1 Qb4 {0-1 Krivoshey,S-Agrest,E/Hofheim 2003/(56)}) 17. Nxd4 Rxd4
18. Qg3+ Kh8 19. Qh4 {Das ist der erste neue Zug in der Partie. Nach meiner
Meinung wäre die Alternative 19.Qh4 eine bessere Wahl für Weiß.} (19. Qf4 Kg7
20. Rac1 (20. Rab1 Qxc5 21. Rxb7 Qg5 22. Qc7 Qe5 23. Qe7 Rxe4 24. Rxa7 Re1 25.
g3 {1/2-1/2 Schandorff,L-Naumann,A/Bundesliga 2003/[Ribli] (27)}) 20... Rc8 (
20... Rfd8 $5) 21. Qg4+ Kh8 22. Qh5 Kg7 23. e5 f5 24. Qg5+ Kf8 25. h3 Rxc5 $4 (
25... Rd5) (25... Qd8) 26. Rxc5 Qxc5 27. Rc1 Rc4 28. Qd8+ Kg7 29. Rd1 {1-0
Krasenkow,M-Olafsson,H/Reykjavik ISL 2004/(29)}) 19... Kg7 20. Rab1 (20. Rac1
Rc8 (20... Rfd8)) 20... Qxc5 21. Rxb7 Qg5 22. Qh3 {Weiß möchte die Damen auf
dem Brett halten; es droht jetzt 23.Qxe6.} (22. Qxg5+ fxg5 23. Rxa7 Rxe4 $11)
22... Rxe4 23. Rxa7 $11 {Die Chancen sind etwa gleich. Weiß hat zwar einen
Freibauern, der sich jedoch noch auf der Grundlinie befindet.} h5 24. Qf3 Qe5
25. h3 (25. Qg3+ Qxg3 26. hxg3 Rd8 $15) (25. g3 $5) 25... Rc8 {[%csl Gc8,Ge4,
Ge5][%cal Gc8c1,Ge5e1][%mdl 2048] Die schwarze Bauernstruktur ist zwar nicht
zufriedenstellend, dafür stehen seine Figuren sehr aktiv und kontrollieren die
offenen Linien.} (25... Rd8) 26. g3 Rc3 $36 27. Qg2 Re2 (27... Qd4) 28. h4 f5 (
28... Qd4 29. Ra8) 29. Ra4 Re1 30. Rxe1 Qxe1+ 31. Qf1 Qd2 32. Rc4 (32. Kg2)
32... Ra3 33. Qa1+ f6 34. Qd4 Qxd4 (34... Qe1+ 35. Kg2 Rxa2 36. Rc7+ Kg6) 35.
Rxd4 Rxa2 $15 {[%mdl 4096] In diesem Turmendspiel hat Schwarz einen Bauern
mehr, jedoch mit ausgeglichener Stellung auf beiden Seiten. Es ist bekannt,
dass mit guter Verteidigung das Turmendspiel 4P gegen 3P Remis ist, auch wenn
Schwarz einen Doppelbauern besitzt.} 36. Kg2 Ra7 37. Rc4 Kf7 38. Rc8 e5 39. Rc4
(39. Rh8 Kg6) 39... Rb7 40. Ra4 Rc7 41. Kf3 Rc2 42. Ra7+ Kg6 43. Ra4 e4+ 44.
Kg2 (44. Ke3 Rc3+ 45. Ke2 Rd3 46. Ra5) 44... e3 45. Kf3 exf2 46. Kg2 {Schwarz
hat schon zwei Bauern mehr, aber seine f-Bauern sind weniger wertvoll.} Kf7 47.
Ra6 (47. Rf4 Ke6 48. Rxf2 $15) 47... f4 48. gxf4 f1=Q+ (48... Kg6 49. Ra5) 49.
Kxf1 Rh2 (49... Rc4 $5 50. f5 Rf4+ 51. Kg2 Rxf5) 50. Ra5 Rxh4 51. Kg2 Kg6 (
51... Rxf4 52. Rxh5 $11) 52. Kg3 $11 Rg4+ 53. Kf3 Rg1 54. Kf2 Rb1 55. Kg3 Rb3+
56. Kh4 Rb1 (56... Rf3 57. Rxh5 Rxf4+ 58. Kg3 $11) 57. Kg3 Rf1 58. Rb5 {
Weiß kann das Remis einfach halten, indem er seine Türme auf der fünften Reihe
beläßt.} Rg1+ 59. Kf2 Rg4 60. Kf3 Kh6 61. Rb6 (61. Rf5 Kg6 62. Ra5) 61... Kg6
62. Rb5 Rg1 63. Kf2 Ra1 64. Kg3 Ra3+ 65. Kh4 Rf3 66. Rxh5 Rxf4+ 67. Kg3 Ra4 68.
Rb5 f5 69. Rb8 1/2-1/2

[Event "Corus-B"]
[Site "Wijk aan Zee"]
[Date "2005.01.18"]
[Round "4"]
[White "Mamedyarov, Shakhriyar"]
[Black "Nielsen, Peter Heine"]
[Result "1/2-1/2"]
[WhiteElo "2657"]
[BlackElo "2648"]
[Annotator "Ribli,Z"]
[PlyCount "67"]
[EventDate "2005.01.15"]
[EventType "tourn"]
[EventRounds "13"]
[EventCountry "NED"]
[EventCategory "13"]
[SourceTitle "CBM 105"]
[Source "ChessBase"]
[SourceDate "2005.04.11"]
[SourceVersion "1"]
[SourceVersionDate "2005.04.11"]
[SourceQuality "1"]

1. d4 Nf6 2. c4 e6 3. Nf3 d5 4. Nc3 dxc4 5. e4 Bb4 6. Bg5 c5 7. Bxc4 cxd4 8.
Nxd4 Bxc3+ 9. bxc3 Qa5 10. Bb5+ {Heutzutage ist diese Variante sehr populär.}
Bd7 {Die Alternative 10...Nbd7 ist ebenfalls spielbar aber der Läuferzug
bietet Schwarz bessere Ausgleichchancen.} (10... Nbd7) 11. Bxf6 gxf6 (11...
Qxc3+ $4 12. Kf1 gxf6 13. Rc1 $18 {Verlässt die Dame die c-Linie, so folgt 14.
Rc8+ mit Gewinn.}) 12. Qb3 O-O (12... a6) 13. O-O Bxb5 14. Nxb5 Nc6 15. c4 (15.
Rad1 Rad8 16. Nd6 Qe5 $1 $10) 15... Rad8 16. Qg3+ (16. c5 Nd4 17. Nxd4 Rxd4 18.
Qg3+ Kh8 19. Qf4 Qxc5 20. Qxf6+ Kg8 21. Rac1 Rc4 22. Rce1 Rc8 23. Re3 Rc1 $11
24. Ree1 Rxe1 25. Rxe1 Qc1 26. Rf1 Qd2 {1/2-1/2 Schandorff,L-Nielsen,P/Esbjerg
2003 (26)}) 16... Kh8 17. Qh4 Kg7 18. f4 {Mit diesem Zug bringt Weiß neue
Kraft in seinen Angriff. In einigen Stellungen muss Schwarz mit dem Durchbruch
e4-e5 rechnen. Ich weise darauf hin, dass Weiß die Option der Zugwiederholung
besitzt; er hat immer die Möglichkeit z.B. 18.Qg3+ Kh8 19.Qh4.} Qd2 $146 {
[%csl Gd2][%mdl 4] Diese theoretische Neuerung ist natürlich die Frucht
häuslicher Analyse des dänischen Großmeisters. Diese Partie ist sehr wichtig,
da beide Spieler Spezialisten dieser Variante sind - Mamedyarov mit Weiß,
Nielsen mit Schwarz.} (18... Rd3 19. e5 $1 (19. Rae1 a6 20. e5 axb5 21. Qxf6+
Kg8 22. Qg5+ Kh8 23. Qf6+ Kg8 24. Qg5+ Kh8 25. Qf6+ {1/2-1/2 Azmaiparashvili,
Z-Agrest,E/Plovdiv BUL 2003/(25)}) 19... Qd8 20. Qh5 $1 {[%csl Yd6,Gh5][%cal
Gb5d6]} a6 $1 (20... Kg8 21. Rae1 a6 22. Nd6 {[%csl Gd6,Ge5,Gh5]} fxe5 23. c5
$1 f5 24. fxe5 b5 25. Rf3 $16 {1-0 Mamedyarov,S-Bluvshtein,M/Mallorca 2004/CBM
104/[Ribli Zoltan] (35)}) 21. Nd6 fxe5 22. fxe5 Nxe5 23. Qxe5+ f6 24. Nxb7 fxe5
25. Nxd8 Rfxd8 {1/2-1/2 Tregubov,P-Landa,K/Paris 2004/CBM 101 ext (35)}) 19. e5
(19. Rad1 $6 Qxd1 20. Rxd1 Rxd1+ 21. Kf2 Rfd8 $15) (19. Rf3 $5 Rg8 20. e5 (20.
Rh3 $2 Kf8 $19 {[%cal Rd2g2,Rg8g1] Jetzt sehen wir die Idee von 18...Qd2; es
droht Matt auf g2.}) 20... fxe5 21. fxe5 Rd7 $11 (21... Nxe5 22. Rf2 Qh6 (22...
Qe3 23. Qf6+ $18) 23. Qg3+ Ng6 24. Nd6 Rd7 25. Qc3+ Kf8 26. Raf1 $18)) 19...
fxe5 20. Qg5+ (20. fxe5 Qe3+ 21. Kh1 Qxe5 22. Rae1 Qc5 23. Nxa7 $5 (23. Qf6+
Kg8 24. Re4 Ne7 $11) 23... Ne7 (23... Nxa7 24. Qf6+ Kg8 25. Re5 Qxe5 26. Qxe5
$18) (23... Qxa7 24. Qg5+ Kh8 25. Qf6+ Kg8 26. Rf3 Qb8 27. Rg3+ Qxg3 28. hxg3
$16) 24. Nb5 Ng6 $11) 20... Kh8 21. Qf6+ Kg8 22. Qg5+ Kh8 23. Qf6+ {Weiß
riskiert nichts, er hat Dauerschach.} Kg8 24. Rae1 a6 (24... exf4 25. Qg5+ Kh8
26. Qf6+ $11) 25. Qg5+ Kh8 26. Qf6+ Kg8 27. Re4 Qc2 {[%csl Gc2][%cal Rc2e4]
[%mdl 256] Es hängt der Turm auf e4 und die schwarze Dame unterstützt die
Verteidigung.} (27... axb5 28. Qg5+ (28. fxe5 Rd4 $19) 28... Kh8 29. Qf6+ $11)
28. Qg5+ (28. Re3 Rd3 $11) 28... Kh8 29. Qf6+ Kg8 30. Nc3 Rd2 (30... Qxc3 31.
fxe5 Rd4 $11) 31. Qg5+ Kh8 32. Qf6+ Kg8 33. Qg5+ Kh8 34. Qf6+ 1/2-1/2